000 01189cam a2200313 a 4500
001 1242
005 20230815125406.0
008 040105s2004 nyu c 000 1 eng
020 _a0439579449 (alk. paper)
040 _aDLC
_cDLC
_dDLC
_beng
050 0 0 _aPZ7.M3567585
_bHer 2004
082 0 0 _a[Fic]
_222
100 1 _aMartin, Ann M.
_d1955-
245 1 0 _aHere today /
_cAnn M. Martin
260 _aNew York :
_bScholastic,
_c2004.
300 _a308 pages ;
_c20 cm
505 _aS
520 _aIn 1963, when her flamboyant mother abandons the family to pursue her dream of becoming an actress, eleven-year-old Ellie Dingman takes charge of her younger siblings, while also trying to deal with her outcast status in school and frightening acts of prejudice toward the "misfits" that live on her street.
521 _a790
_bLexile
521 _aS
_bRaz-Plus
650 1 _aIdentity
_vFiction.
650 1 _aMothers
_vFiction.
650 1 _aFamily life
_zNew York (State)
_vFiction.
650 1 _aPrejudices
_vFiction.
650 1 _aNeighborhoods
_vFiction.
650 1 _aSchools
_vFiction.
906 _a7
_bcbc
_corignew
_d1
_eocip
_f20
_gy-gencatlg
942 _2ddc
_cBK
_n0
999 _c1242
_d1242